Statistics for Fifa 17 Calcio A Tots

Click here to take the quiz!

General Stats

  • This quiz has been taken 137 times
  • The average score is 11 of 24

Answer Stats

HintAnswer% Correct
GK 95Gianluigi Buffon
97%
CB 96Giorgio Chiellini
86%
ST 98Gonzalo Higuain
82%
ST 95Paulo Dybala
80%
LW 94Lorenzo Insigne
63%
LB 92Alex Sandro
61%
ST 95Dries Mertens
60%
GK 90Gianluigi Donnarumma
60%
ST 93Ciro Immobile
59%
ST 94Mauro Icardi
55%
CB 93Kalidou Koulibaly
50%
ST 93Edin Dzeko
49%
CAM 94Radja Nainggolan
40%
CM 89Sami Khedira
39%
ST 90Andrea Belotti
37%
CM 94Marek Hamsik
36%
RM 90Mohamed Salah
35%
CB 88Stefan De Vrij
33%
RW 89Jose Callejon
28%
ST 92Alejandro Gomez
22%
CB 88Federico Fazio
19%
LW 90Keita Balde Diao
16%
CDM 88Lucas Biglia
14%
CB 87Mattia Caldara
14%

Score Distribution

Percentile by Number Answered

Percent of People with Each Score

Your Score History

You have not taken this quiz